| 000 | 01224nam0a22002771 4500 | ||
|---|---|---|---|
| 001 | rc\3021714 | ||
| 005 | 20250530014537.0 | ||
| 035 | _a(NLR Aleph) 007163606 | ||
| 090 |
_a7274162 _c7274162 |
||
| 100 | _a20110928d1936 |||y0rusy50 ca | ||
| 101 | 1 |
_arus _cdut |
|
| 102 | _aRU | ||
| 105 | _aa z ||||| | ||
| 200 | 1 |
_aМатч Алехин - Эйве на первенство мира _fСборник партий с примеч. А. Алехина и М. Эйве _gПредисл.: Г.Я. Левенфиша _gПер. с голландского О.О. Вайнштейна |
|
| 210 |
_aМосква _aЛенинград _cФизкультура и туризм _d1936 _eЛенинград _gтип. "Ленингр. правда" |
||
| 215 |
_aОбл., 217, [2] с. _cил. _d17х12 см |
||
| 300 | _aНа обороте тит. л.: "Wedstrijdboek d-r A. Aljechin en d-r M. Euwe" | ||
| 702 | 1 |
_aАлехин _bА.А. _gАлександр Александрович _4212 |
|
| 702 | 1 |
_aЭйве _bМ. _gМакс _4212 |
|
| 702 | 1 |
_aЛевенфиш _bГ.Я. _4080 |
|
| 702 | 1 |
_aВайнштейн _bО.О. _4730 |
|
| 801 | 0 |
_aRU _bNLR _gpsbo |
|
| 801 | 1 |
_aRU _bELAR _2rusmarc |
|
| 852 |
_aNLR _j36-2/195 |
||
| 942 | _cBOOK | ||
| 980 | _aNB | ||